|
|
|
|
| LEADER |
01437nam a2200373 a 4500 |
| 001 |
000365532 |
| 003 |
CZ BrMZK |
| 005 |
20080526102730.0 |
| 007 |
ta |
| 008 |
010907s1998 xr e cze d |
| 015 |
|
|
|a cnb000528517
|
| 020 |
|
|
|a 80-86161-05-6
|
| 035 |
|
|
|a (OCoLC)41831312
|
| 040 |
|
|
|a BOA001
|b cze
|
| 043 |
|
|
|a e-xr---
|
| 072 |
|
7 |
|a 94(437)
|x Dějiny Česka a Slovenska
|2 Konspekt
|9 8
|
| 080 |
|
|
|a 929.731.038+671.125
|2 MRF
|
| 080 |
|
|
|a 94(437.3)
|2 MRF
|
| 080 |
|
|
|a (084.11)
|2 MRF
|
| 245 |
0 |
0 |
|a České korunovační klenoty /
|c [texty Milena Bravermanová ... [et al.] ; fotografie Antonín Bláha ... [et al.]]
|
| 250 |
|
|
|a 3. rozš. vyd.
|
| 260 |
|
|
|a Praha :
|b Správa Pražského hradu,
|c 1998
|
| 300 |
|
|
|a 88 s. :
|b barev. il. ;
|c 34 cm
|
| 500 |
|
|
|a Bibliogr.
|
| 500 |
|
|
|a Dostupné též v digitální podobě v aplikaci Kramerius
|
| 650 |
0 |
7 |
|a české korunovační klenoty
|7 ph128139
|2 czenas
|
| 655 |
|
7 |
|a obrazové publikace
|7 fd132947
|2 czenas
|
| 651 |
|
7 |
|a Česko
|7 ge128065
|x dějiny
|2 czenas
|
| 700 |
1 |
|
|a Bravermanová, Milena,
|d 1955-
|7 jn19990216026
|4 aut
|
| 700 |
1 |
|
|a Bláha, Antonín,
|d 1923-1984
|7 jz8000072
|4 pht
|
| 856 |
4 |
1 |
|u http://www.digitalniknihovna.cz/mzk/uuid/uuid:b9b51f90-507c-11e5-bc53-005056827e52
|y Digitalizovaný dokument
|x NDK
|
| 910 |
|
|
|a BOA001
|b 4-1051.991
|
| 990 |
|
|
|a BK
|
| 996 |
6 |
|
|b 2610080546
|c 4-1051.991
|l MZK
|r Sklad / do 1 hodiny
|n 9
|p p.v.
|w 000365532
|u 000010
|a 1
|e BOA001
|j MZK50
|s P
|